000 00319nam a2200109 a 4500
005 20201002044906.0
008 140401s1970 000 spa d
100 _aCastillo Solórzano, Alonso del
_971467
245 4 _aLas aventuras del bachiller trapaza.
260 _aMadrid -- Libra,
_c1970 -- 201 p.
999 _c43122
_d43122
040 _aDO-SdBNP